[Event "56th World U20 ch"]
[Site "Tarvisio ITA"]
[Date "2017.11.21"]
[Round "8.52"]
[White "Sezdbekov, Ruslan"]
[Black "Urazayev, Arystanbek"]
[Result "0-1"]
[WhiteElo "2188"]
[BlackElo "2349"]
[EventDate "2017.11.13"]
[PlyCount "43"]

1.e4 e5 2.Nf3 Nc6 3.d4 exd4 4.Bc4 Bc5 5.c3 Nf6 6.cxd4 Bb4+ 7.Nc3 Nxe4 8.
O-O Bxc3 9.d5 Bf6 10.Re1 Ne7 11.Rxe4 O-O 12.d6 cxd6 13.Bf4 d5 14.Bxd5 Nxd5
15.Qxd5 d6 16.Nd4 Bxd4 17.Rxd4 Qb6 18.Bxd6 Be6 19.Qe5 Qxb2 20.Re1 Rfe8 21.
f3 Bd7 22.Be7 0-1

[Event "56th World U20 ch"]
[Site "Tarvisio ITA"]
[Date "2017.11.21"]
[Round "8.53"]
[White "Zuo Yifan"]
[Black "Piyumantha, M. Sasith Nipun"]
[Result "1-0"]
[WhiteElo "2346"]
[BlackElo "2032"]
[EventDate "2017.11.13"]
[PlyCount "37"]

1.d4 Nf6 2.Nf3 e6 3.c4 d5 4.g3 dxc4 5.Bg2 Nc6 6.O-O a6 7.a4 Bb4 8.e3 Rb8 
9.Qc2 Na5 10.Ne5 Bd7 11.Nxc4 Bc6 12.f3 h5 13.Nxa5 Bxa5 14.Na3 h4 15.Nc4 
hxg3 16.hxg3 Qd5 17.e4 Qh5 18.Bf4 Rd8 19.g4 1-0

[Event "56th World U20 ch"]
[Site "Tarvisio ITA"]
[Date "2017.11.21"]
[Round "8.54"]
[White "Villegas, Franco"]
[Black "Fuentes Parra, Victor Ignacio"]
[Result "1-0"]
[WhiteElo "2328"]
[BlackElo "2087"]
[EventDate "2017.11.13"]
[PlyCount "73"]

1.e4 e6 2.d4 d5 3.Nd2 Be7 4.e5 c5 5.dxc5 Nc6 6.Ngf3 Qc7 7.Bb5 Bxc5 8.Nb3 
Bb6 9.Qe2 a6 10.Bd3 a5 11.a4 h6 12.O-O Nge7 13.Bf4 O-O 14.Rae1 f5 15.exf6 
Qxf4 16.fxe7 Nxe7 17.c3 Rf6 18.Nbd4 Bxd4 19.Nxd4 Nc6 20.Nb3 Qxa4 21.Nc5 
Qf4 22.Bb5 Qd6 23.Nd3 Bd7 24.Qe3 Nd8 25.Bxd7 Qxd7 26.Ne5 Qc7 27.Qg3 Rc8 
28.Qd3 Rf5 29.Ng6 Qf7 30.Ne7+ Qxe7 31.Qxf5 Qf6 32.Qh3 Rc4 33.Re3 e5 34.Qd7
Rc5 35.Rf3 Qg5 36.Qe8+ Kh7 37.Rf8 1-0

[Event "56th World U20 ch"]
[Site "Tarvisio ITA"]
[Date "2017.11.21"]
[Round "8.55"]
[White "Bezuidenhout, Roland"]
[Black "Brazdzionis, Andrius"]
[Result "0-1"]
[WhiteElo "2118"]
[BlackElo "2322"]
[EventDate "2017.11.13"]
[PlyCount "82"]

1.Nf3 c5 2.g3 g6 3.Bg2 Bg7 4.O-O Nc6 5.c4 Nf6 6.d4 cxd4 7.Nxd4 O-O 8.Nc3 
d6 9.Nxc6 bxc6 10.Bxc6 Rb8 11.Bg2 Be6 12.Qd3 Qc8 13.Nd5 Bxd5 14.cxd5 Nd7 
15.Rb1 Ne5 16.Qe4 Qa6 17.Bg5 f6 18.Bf4 f5 19.Qe3 Qxa2 20.Ra1 Qxb2 21.Rxa7 
Rb3 22.Qd2 Qxd2 23.Bxd2 Bf6 24.Rc1 Rb2 25.Bh6 Rfb8 26.Rac7 Kf7 27.e4 Ng4 
28.Bf4 Rxf2 29.R7c2 Rxc2 30.Rxc2 Rb1+ 31.Bf1 g5 32.Bc1 fxe4 33.Kg2 Ne5 34.
Be3 Nf3 35.Rf2 h5 36.h3 Kg7 37.Ra2 Bd4 38.Bxd4+ Nxd4 39.g4 h4 40.Rf2 e3 
41.Ra2 Rd1 0-1

[Event "56th World U20 ch"]
[Site "Tarvisio ITA"]
[Date "2017.11.21"]
[Round "8.56"]
[White "De Vleeschauwer, Maarten"]
[Black "Nowak, Lukasz"]
[Result "0-1"]
[WhiteElo "2139"]
[BlackElo "2310"]
[EventDate "2017.11.13"]
[PlyCount "65"]

1.e4 e6 2.d4 d5 3.Nc3 Nf6 4.Bg5 dxe4 5.Nxe4 Be7 6.Bxf6 gxf6 7.Nf3 f5 8.Ng3
c5 9.dxc5 Bxc5 10.Qxd8+ Kxd8 11.Be2 Nc6 12.O-O Ke7 13.Rad1 Bb6 14.Rfe1 Bc7
15.Bb5 Kf6 16.c4 e5 17.Rd5 Nb4 18.Rdxe5 Bxe5 19.Nxe5 Be6 20.Nh5+ Ke7 21.
Nf4 Nc2 22.Rd1 Rhd8 23.Nd5+ Bxd5 24.cxd5 Rac8 25.Ba4 Nb4 26.Bb3 Nxd5 27.g3
Rc5 28.Rd4 Nf6 29.Rxd8 Kxd8 30.Nxf7+ Ke7 31.Ng5 Rc1+ 32.Kg2 Rb1 33.Nf3 0-1

[Event "56th World U20 ch"]
[Site "Tarvisio ITA"]
[Date "2017.11.21"]
[Round "8.57"]
[White "Chen, Richard"]
[Black "Chinguun, Bayaraa"]
[Result "1-0"]
[WhiteElo "2309"]
[BlackElo "1820"]
[EventDate "2017.11.13"]
[PlyCount "75"]

1.e4 c5 2.Nf3 d6 3.Bb5+ Bd7 4.Bxd7+ Qxd7 5.c4 Nc6 6.Nc3 g6 7.d4 cxd4 8.
Nxd4 Bg7 9.Be3 Nf6 10.f3 O-O 11.O-O Qd8 12.Nxc6 bxc6 13.Qd2 c5 14.Bh6 Ne8 
15.Rad1 Bd4+ 16.Kh1 Ng7 17.f4 a6 18.f5 e6 19.Rf3 Re8 20.Bxg7 Bxg7 21.Rdf1 
f6 22.fxg6 hxg6 23.Rg3 Kh7 24.Rd3 Bf8 25.e5 fxe5 26.Ne4 Bg7 27.Rf7 Kg8 28.
Nxd6 Qh4 29.g3 Qg4 30.Nxe8 Kxf7 31.Rd7+ Kxe8 32.Rxg7 Kf8 33.Rd7 Kg8 34.Qh6
Qf3+ 35.Kg1 Qf6 36.Qh7+ Kf8 37.Rd1 Rd8 38.Rf1 1-0

[Event "56th World U20 ch"]
[Site "Tarvisio ITA"]
[Date "2017.11.21"]
[Round "8.58"]
[White "Lopez Gonzalez, Abel Fabian"]
[Black "Li, Henry"]
[Result "1-0"]
[WhiteElo "2384"]
[BlackElo "2168"]
[EventDate "2017.11.13"]
[PlyCount "65"]

1.d4 Nf6 2.c4 g6 3.Nc3 Bg7 4.e4 d6 5.h3 O-O 6.Be3 e5 7.d5 Na6 8.g4 Nc5 9.
Qc2 a5 10.O-O-O Bd7 11.Nge2 Qb8 12.Ng3 a4 13.g5 Ne8 14.h4 a3 15.b3 c6 16.
h5 Nc7 17.f3 Qa7 18.Kb1 Qa5 19.Rc1 f5 20.hxg6 hxg6 21.exf5 Bxf5 22.Nxf5 
Rxf5 23.Bh3 Rxf3 24.Qxg6 Rxe3 25.Bf5 Kf8 26.Qxd6+ Kg8 27.Bh7+ Kh8 28.Qe7 
Rg3 29.Bg6+ Kg8 30.Rh7 N7e6 31.dxe6 Nxe6 32.Qxe6+ Kf8 33.Qf7# 1-0

[Event "56th World U20 ch"]
[Site "Tarvisio ITA"]
[Date "2017.11.21"]
[Round "8.59"]
[White "Pangilinan, Stephen Rome"]
[Black "Haria, Ravi"]
[Result "0-1"]
[WhiteElo "2183"]
[BlackElo "2364"]
[EventDate "2017.11.13"]
[PlyCount "120"]

1.e4 e6 2.d4 d5 3.Nd2 dxe4 4.Nxe4 Bd7 5.Nf3 Bc6 6.Bd3 Nd7 7.O-O Ngf6 8.Ng3
Be7 9.b3 O-O 10.c4 Bxf3 11.Qxf3 c6 12.Bb2 Re8 13.Rad1 Qa5 14.a3 Rad8 15.
Rfe1 Bxa3 16.Ra1 Qxe1+ 17.Rxe1 Bxb2 18.Rd1 e5 19.d5 Nc5 20.Bb1 cxd5 21.
cxd5 e4 22.Qe2 Be5 23.Qb5 Bd6 24.Nf5 Bf8 25.Ne3 a6 26.Qb6 Nfd7 27.Qc7 Ne5 
28.b4 Rd7 29.Qa5 Ncd3 30.b5 Bb4 31.Qa1 Bc5 32.Bxd3 exd3 33.bxa6 bxa6 34.
Qa5 Bxe3 35.fxe3 f5 36.Rf1 g6 37.h3 Red8 38.e4 fxe4 39.d6 Nf7 40.Qd5 Re8 
41.Qc6 Ne5 42.Qd5+ Nf7 43.Qc6 Red8 44.Qd5 a5 45.h4 Rb8 46.Rf6 Re8 47.Kf1 
Kg7 48.Qd4 Kg8 49.h5 gxh5 50.Qd5 Kg7 51.Qf5 Re5 52.Qf4 e3 53.Ke1 d2+ 54.
Ke2 Rd5 55.Qg3+ Kxf6 56.Qf3+ Ke6 57.Kd1 R7xd6 58.g4 Rc5 59.Qe2 Ke7 60.g5 
Nxg5 0-1

[Event "56th World U20 ch"]
[Site "Tarvisio ITA"]
[Date "2017.11.21"]
[Round "8.60"]
[White "Miciano, John Marvin"]
[Black "Abdulla, Murad"]
[Result "1-0"]
[WhiteElo "2151"]
[BlackElo "2316"]
[EventDate "2017.11.13"]
[PlyCount "51"]

1.e4 c5 2.Nf3 d6 3.d4 cxd4 4.Nxd4 Nf6 5.Nc3 g6 6.Be3 Bg7 7.f3 Nc6 8.Bc4 
O-O 9.Qd2 Nd7 10.O-O-O Nb6 11.Be2 Ne5 12.b3 Bd7 13.Kb1 Rc8 14.Nd5 Nxd5 15.
exd5 Qc7 16.h3 f5 17.f4 Nf7 18.c4 Rfe8 19.g4 e5 20.dxe6 Bxe6 21.gxf5 Bxf5+
22.Nxf5 gxf5 23.Bf3 Re6 24.Rhg1 Kf8 25.Bd4 Bh6 26.Qd3 1-0

[Event "56th World U20 ch"]
[Site "Tarvisio ITA"]
[Date "2017.11.21"]
[Round "8.61"]
[White "Favaloro, Andrea"]
[Black "Thilakarathne, G. M. H."]
[Result "1/2-1/2"]
[WhiteElo "2260"]
[BlackElo "2141"]
[EventDate "2017.11.13"]
[PlyCount "110"]

1.d4 Nf6 2.Bg5 e6 3.e4 h6 4.Bxf6 Qxf6 5.c3 d6 6.Bd3 Nd7 7.Ne2 b6 8.O-O Bb7
9.f4 Qe7 10.Nd2 g6 11.e5 Bg7 12.Be4 Bxe4 13.Nxe4 O-O 14.Qd3 a6 15.Rae1 b5 
16.g4 Rad8 17.Qf3 dxe5 18.fxe5 Qh4 19.Nf4 Qe7 20.Nd3 Kh7 21.Qh3 Rh8 22.Re2
Rdf8 23.Ref2 Kg8 24.Qg3 Nb6 25.h4 Nd5 26.Nf4 Nxf4 27.Rxf4 Qd7 28.Qf3 Qe7 
29.g5 h5 30.b4 Rh7 31.Nc5 a5 32.a3 Bh8 33.Qb7 axb4 34.axb4 Qe8 35.Ra1 f5 
36.gxf6 c6 37.f7+ Rhxf7 38.Rxf7 Qxf7 39.Qxf7+ Rxf7 40.Ra8+ Rf8 41.Rxf8+ 
Kxf8 42.Nxe6+ Ke7 43.Nf4 Kf7 44.e6+ Kf6 45.e7 Kf7 46.Nxg6 Bf6 47.Kg2 Bxe7 
48.Nxe7 Kxe7 49.Kf3 Kf7 50.Ke3 Ke7 51.Kd3 Kd7 52.Kd2 Kd6 53.Ke3 Ke7 54.Ke4
Ke6 55.Ke3 Ke7 1/2-1/2

[Event "56th World U20 ch"]
[Site "Tarvisio ITA"]
[Date "2017.11.21"]
[Round "8.62"]
[White "Tarini, Goyal"]
[Black "Tasdogen, Dincer"]
[Result "0-1"]
[WhiteElo "2062"]
[BlackElo "2235"]
[EventDate "2017.11.13"]
[PlyCount "80"]

1.d4 d6 2.Nf3 g6 3.g3 Bg7 4.Bg2 Nd7 5.c4 e5 6.O-O exd4 7.Nxd4 Ne7 8.Nc3 
O-O 9.Qd2 Nb6 10.b3 d5 11.cxd5 Nbxd5 12.Nxd5 Nxd5 13.Ba3 Re8 14.Rad1 c6 
15.e4 Nf6 16.f3 h5 17.Kh1 Qc7 18.Ne2 a5 19.Bc5 b6 20.Bd6 Qd8 21.e5 Nd5 22.
f4 Bg4 23.Rde1 h4 24.Nd4 h3 25.Be4 Ne7 26.Rc1 c5 27.Nb5 Rc8 28.Na7 Rc7 29.
Nb5 Rd7 30.Qf2 Nf5 31.Bc6 Qc8 32.Bf3 Bxf3+ 33.Qxf3 Bf8 34.Rcd1 Red8 35.g4 
Nxd6 36.exd6 Bxd6 37.Nc3 Bb8 38.Nd5 Qb7 39.Nf6+ Kg7 40.Ne8+ Rxe8 0-1

[Event "56th World U20 ch"]
[Site "Tarvisio ITA"]
[Date "2017.11.21"]
[Round "8.63"]
[White "Hiebert, Kenji"]
[Black "Lamard, Guillaume"]
[Result "0-1"]
[WhiteElo "2017"]
[BlackElo "2376"]
[EventDate "2017.11.13"]
[PlyCount "50"]

1.Nf3 Nf6 2.c4 g6 3.Nc3 Bg7 4.e4 d6 5.d4 O-O 6.Be2 Nbd7 7.O-O e5 8.d5 Nc5 
9.Qc2 a5 10.Bg5 h6 11.Bh4 g5 12.Bg3 Nh5 13.Nd2 Nf4 14.f3 h5 15.b3 f5 16.
exf5 Bxf5 17.Nde4 b6 18.Rae1 Qe8 19.Qd2 Qg6 20.Nxc5 bxc5 21.Bf2 Bh6 22.Be3
g4 23.g3 Nh3+ 24.Kg2 Ng5 25.fxg4 Be4+ 0-1

[Event "56th World U20 ch"]
[Site "Tarvisio ITA"]
[Date "2017.11.21"]
[Round "8.64"]
[White "Noboa Silva, Kevin"]
[Black "Zenari, Marco"]
[Result "1-0"]
[WhiteElo "2356"]
[BlackElo "1997"]
[EventDate "2017.11.13"]
[PlyCount "79"]

1.d4 Nf6 2.c4 g6 3.Nc3 Bg7 4.Nf3 O-O 5.Bg5 d6 6.e3 h6 7.Bh4 Nbd7 8.h3 c6 
9.Be2 e5 10.O-O g5 11.Bg3 Qe7 12.Qc2 Ne8 13.Rad1 f5 14.b4 f4 15.Bh2 Ndf6 
16.exf4 exf4 17.Rfe1 Qf7 18.c5 g4 19.hxg4 Nxg4 20.cxd6 Nxd6 21.Ne4 Qg6 22.
Bd3 Nxh2 23.Kxh2 Qh5+ 24.Kg1 Nf5 25.Nc5 Kh8 26.Ne6 Bxe6 27.Rxe6 Rad8 28.
Bxf5 Rxf5 29.Rde1 Rg8 30.Nh4 Qxh4 31.Qxf5 Bxd4 32.R1e2 Qg5 33.Qxg5 hxg5 
34.Rd2 c5 35.bxc5 Bxc5 36.Rd7 Rg7 37.Rxg7 Kxg7 38.Re5 Bd4 39.Rxg5+ Kf6 40.
Rd5 1-0

[Event "56th World U20 ch"]
[Site "Tarvisio ITA"]
[Date "2017.11.21"]
[Round "8.65"]
[White "Song Yuxin"]
[Black "Pavic, Filip"]
[Result "1/2-1/2"]
[WhiteElo "1951"]
[BlackElo "2228"]
[EventDate "2017.11.13"]
[PlyCount "99"]

1.e4 c5 2.Nf3 d6 3.Bb5+ Nd7 4.d4 cxd4 5.Qxd4 a6 6.Bxd7+ Bxd7 7.c4 e5 8.Qd3
b5 9.Nc3 Rb8 10.O-O h6 11.b3 Nf6 12.Rd1 Bc6 13.Nd2 Qb6 14.Nf1 b4 15.Be3 
Qb7 16.Nd5 Nxd5 17.cxd5 Bb5 18.Qd2 Bd7 19.Rdc1 Be7 20.Rc4 O-O 21.Rac1 Rfc8
22.Ng3 Kh7 23.Nf5 Bf8 24.f3 a5 25.g4 Rxc4 26.Rxc4 Rc8 27.Rxc8 Qxc8 28.Qc1 
Qb7 29.Bd2 h5 30.h3 hxg4 31.hxg4 g6 32.Bh6 Qb8 33.Bxf8 Qxf8 34.Qc7 Bxf5 
35.gxf5 gxf5 36.exf5 Kh6 37.Qxa5 Qb8 38.a3 bxa3 39.Qxa3 Kg5 40.b4 Qb5 41.
Qe3+ Kxf5 42.Qe4+ Kg5 43.Qg4+ Kh6 44.Qh4+ Kg6 45.Qg4+ Kf6 46.Qh4+ Kg7 47.
Qg5+ Kh7 48.Qh4+ Kg7 49.Qg5+ Kh7 50.Qh4+ 1/2-1/2

[Event "56th World U20 ch"]
[Site "Tarvisio ITA"]
[Date "2017.11.21"]
[Round "8.66"]
[White "Sesar, Ivan"]
[Black "Cappelletto, Joshuaede"]
[Result "0-1"]
[WhiteElo "2207"]
[BlackElo "1920"]
[EventDate "2017.11.13"]
[PlyCount "62"]

1.e4 g6 2.d4 Bg7 3.Nc3 d6 4.Be3 a6 5.f3 b5 6.Qd2 Nd7 7.h4 h5 8.Nh3 Bb7 9.
Ng5 Ngf6 10.O-O-O Qc8 11.Kb1 c5 12.dxc5 Nxc5 13.Bd4 O-O 14.Bd3 Qc7 15.g4 
e5 16.Be3 b4 17.Nd5 Bxd5 18.exd5 Na4 19.Be4 Nc3+ 20.Ka1 Nxd1 21.Qxd1 Rab8 
22.Qd3 Nxe4 23.Nxe4 Rfc8 24.Kb1 hxg4 25.h5 f5 26.Ng5 Qc4 27.Qd2 f4 28.hxg6
g3 29.Bg1 Qf1+ 30.Qc1 g2 31.Rh2 Rxc2 0-1

[Event "56th World U20 ch"]
[Site "Tarvisio ITA"]
[Date "2017.11.21"]
[Round "8.67"]
[White "Schweighoffer, Martin"]
[Black "Gomez Barrera, Gonzalo Andres"]
[Result "1-0"]
[WhiteElo "2123"]
[BlackElo "1741"]
[EventDate "2017.11.13"]
[PlyCount "63"]

1.e4 c5 2.Nc3 d6 3.g3 g6 4.Bg2 Bg7 5.d3 Nc6 6.Be3 e5 7.Qd2 Nge7 8.Bh6 O-O 
9.Bxg7 Kxg7 10.h4 h5 11.O-O-O Rb8 12.f4 Bg4 13.Rf1 f5 14.Nf3 Bxf3 15.Bxf3 
exf4 16.gxf4 Nd4 17.Rhg1 Nxf3 18.Rxf3 Kh7 19.Qe2 Rg8 20.Re3 b5 21.Rg5 d5 
22.Reg3 Kh6 23.exd5 Nxd5 24.Qe6 Nxf4 25.Qe5 Qd4 26.Qe7 Rg7 27.Qe1 b4 28.
Nd1 Rbb7 29.Qd2 Rbe7 30.Ne3 Qe5 31.Ng2 Nxg2 32.Rxh5+ 1-0

[Event "56th World U20 ch"]
[Site "Tarvisio ITA"]
[Date "2017.11.21"]
[Round "8.68"]
[White "Willathgamuwa, Rowan"]
[Black "Lumachi, Gabriele"]
[Result "1-0"]
[WhiteElo "1907"]
[BlackElo "2111"]
[EventDate "2017.11.13"]
[PlyCount "49"]

1.Nf3 d5 2.g3 Nc6 3.d4 Bg4 4.Bg2 Qd7 5.O-O O-O-O 6.c4 dxc4 7.Nbd2 Nxd4 8.
Nxd4 Qxd4 9.Qa4 Bd7 10.Qc2 Be6 11.Nf3 Qb6 12.Be3 Qa6 13.b3 Nf6 14.Ne5 g6 
15.bxc4 Bg7 16.Rab1 Bf5 17.Qb3 Bxb1 18.Rxb1 b6 19.Nxf7 Rhf8 20.Nxd8 Rxd8 
21.c5 Nd7 22.Qe6 Kb8 23.Qc6 Kc8 24.Qa8+ Nb8 25.Bh3+ 1-0

[Event "56th World U20 ch"]
[Site "Tarvisio ITA"]
[Date "2017.11.21"]
[Round "8.69"]
[White "Lin Zhaochen"]
[Black "Bischofberger, Dario"]
[Result "1/2-1/2"]
[WhiteElo "1852"]
[BlackElo "2108"]
[EventDate "2017.11.13"]
[PlyCount "82"]

1.e4 e6 2.d4 d5 3.Nd2 c5 4.Ngf3 Nc6 5.exd5 exd5 6.Bb5 Bd6 7.dxc5 Bxc5 8.
O-O Ne7 9.Nb3 Bd6 10.Re1 O-O 11.Bd3 Nb4 12.Be2 Bf5 13.Nbd4 Bg6 14.c3 Nbc6 
15.Be3 a6 16.Bd3 Qd7 17.h3 Rad8 18.Bg5 Rfe8 19.Bxg6 hxg6 20.Qd3 f6 21.Bd2 
Ne5 22.Qc2 Nxf3+ 23.Nxf3 Nf5 24.Qd3 Bb8 25.Nd4 Qd6 26.g3 Qd7 27.Kg2 Kf7 
28.Rxe8 Rxe8 29.Nxf5 gxf5 30.Qf3 Ba7 31.Rd1 Kg8 32.Be3 Bxe3 33.Rxd5 Qa4 
34.fxe3 Qxa2 35.Rd2 Qe6 36.Kf2 Kf8 37.Rd4 b5 38.Qf4 Kg8 39.Qf3 Kf8 40.Qf4 
Kg8 41.Qf3 Kf8 1/2-1/2

[Event "56th World U20 ch"]
[Site "Tarvisio ITA"]
[Date "2017.11.21"]
[Round "8.70"]
[White "Valente, Joao Nuno Baptista"]
[Black "Heinechen, Juan"]
[Result "0-1"]
[WhiteElo "1897"]
[BlackElo "2101"]
[EventDate "2017.11.13"]
[PlyCount "60"]

1.e4 c5 2.Nf3 g6 3.d4 cxd4 4.Nxd4 Nc6 5.c4 Nf6 6.Nc3 d6 7.Be2 Nxd4 8.Qxd4 
Bg7 9.Bg5 O-O 10.Qd2 b6 11.O-O Bb7 12.f3 Re8 13.Rac1 Nd7 14.Rfd1 Ne5 15.b3
Nc6 16.Bf1 Qd7 17.Be3 Red8 18.Nd5 f5 19.exf5 Qxf5 20.Bd3 Qf7 21.Be4 Ne5 
22.Bg5 Rd7 23.f4 Nc6 24.Qf2 Rf8 25.Qh4 e6 26.Nc3 Nd4 27.Bxb7 Rxb7 28.Qf2 
e5 29.Nd5 h6 30.Bh4 g5 0-1

[Event "56th World U20 ch"]
[Site "Tarvisio ITA"]
[Date "2017.11.21"]
[Round "8.71"]
[White "De Block, Yordi"]
[Black "Chan Sheng Liang, Bernard"]
[Result "1-0"]
[WhiteElo "2119"]
[BlackElo "1698"]
[EventDate "2017.11.13"]
[PlyCount "147"]

1.d4 d5 2.Bf4 c5 3.e3 Nc6 4.Nc3 cxd4 5.exd4 Bf5 6.Nf3 e6 7.Bd3 Bg4 8.Be2 
Bd6 9.Bg3 Bxg3 10.hxg3 Bxf3 11.gxf3 Qb6 12.Bb5 Ne7 13.Qd3 O-O-O 14.Ne2 Kb8
15.c3 e5 16.Bxc6 Nxc6 17.Kf1 g6 18.a4 f5 19.b4 e4 20.Qe3 Ne7 21.a5 Qf6 22.
a6 b6 23.Qf4+ Qd6 24.Qe3 Qf6 25.Kg2 g5 26.Rh5 Rdg8 27.fxe4 fxe4 28.g4 Ng6 
29.Rah1 Nh4+ 30.Kf1 b5 31.Qg3+ Kc8 32.Qe5 Qxe5 33.dxe5 Rg6 34.Nd4 Rxa6 35.
R1xh4 gxh4 36.Nxb5 Ra1+ 37.Kg2 Ra2 38.Nd6+ Kb8 39.Kg1 Rc2 40.e6 Kc7 41.
Rxd5 Rg8 42.e7 Rxg4+ 43.Kf1 Rg8 44.e8=Q Rxe8 45.Nxe8+ Kb6 46.Rd6+ Kb5 47.
Rd5+ Kc4 48.Rd4+ Kxc3 49.Rxe4 h3 50.Rh4 h2 51.b5 Rc1+ 52.Kg2 h1=Q+ 53.Rxh1
Rxh1 54.Kxh1 Kb4 55.Nd6 Kc5 56.Nc8 Kxb5 57.Nxa7+ Kc4 58.Nc8 Kd4 59.Nd6 Ke5
60.Nc4+ Kf4 61.Nd2 h5 62.Kh2 Kg4 63.Kg2 Kh4 64.f3 Kg5 65.Kh3 h4 66.Kg2 Kf5
67.Ne4 Kf4 68.Nf2 Ke5 69.Nh3 Kf6 70.Kf2 Ke5 71.Ke3 Kf5 72.Nf2 Ke5 73.f4+ 
Kf5 74.Kf3 1-0

[Event "56th World U20 ch"]
[Site "Tarvisio ITA"]
[Date "2017.11.21"]
[Round "8.72"]
[White "Lindholm, Jere"]
[Black "Terryn, Ezra"]
[Result "1-0"]
[WhiteElo "2064"]
[BlackElo "1987"]
[EventDate "2017.11.13"]
[PlyCount "65"]

1.e4 c5 2.Nf3 e6 3.d4 cxd4 4.Nxd4 Nc6 5.Nc3 a6 6.Be3 Qc7 7.Qd2 Nf6 8.f4 d6
9.Be2 Be7 10.O-O Nxd4 11.Bxd4 e5 12.Be3 b5 13.fxe5 dxe5 14.Nd5 Qd7 15.Rfd1
Nxd5 16.exd5 Bd6 17.b3 O-O 18.c4 bxc4 19.bxc4 Qc7 20.Rac1 Bc5 21.Bf3 Bd7 
22.d6 Qa7 23.Bxc5 Qxc5+ 24.Qf2 Rac8 25.Bb7 Qxf2+ 26.Kxf2 Rc5 27.Rd5 Rxd5 
28.Bxd5 Rd8 29.c5 Kf8 30.Bb7 Be6 31.Rd1 Bxa2 32.c6 Be6 33.c7 1-0

[Event "56th World U20 ch"]
[Site "Tarvisio ITA"]
[Date "2017.11.21"]
[Round "8.73"]
[White "Vangsgard, Bjarke"]
[Black "Araya Pozo, Francisco Javier"]
[Result "0-1"]
[WhiteElo "1987"]
[BlackElo "1416"]
[EventDate "2017.11.13"]
[PlyCount "110"]

1.d4 Nf6 2.Bf4 e6 3.e3 c5 4.c3 Nc6 5.Bd3 d5 6.Nf3 c4 7.Be2 Bd6 8.Ne5 Qc7 
9.Qa4 Bd7 10.Nxd7 Nxd7 11.Bxd6 Qxd6 12.Nd2 f5 13.Qc2 Ne7 14.b3 cxb3 15.
axb3 O-O 16.c4 Nf6 17.c5 Qc7 18.b4 a6 19.Nf3 Ne4 20.Ne5 Nc6 21.Nxc6 Qxc6 
22.O-O h6 23.Ra3 b5 24.Rfa1 Rf7 25.Ra5 Rfa7 26.R1a3 Nd6 27.f3 Nc4 28.Bxc4 
dxc4 29.Qe2 Rd7 30.Qa2 Rda7 31.h3 Kf7 32.Qa1 g6 33.Ra2 h5 34.Re2 Rd8 35.e4
Re8 36.Qe1 Rd8 37.Rd2 Rad7 38.Qe3 Kg8 39.Qh6 Rg7 40.Qg5 Rdd7 41.Qf6 fxe4 
42.d5 Rxd5 43.Rxa6 Qxa6 44.Rxd5 exf3 45.gxf3 Kh7 46.Rg5 Qa3 47.c6 Qxb4 48.
Qxe6 c3 49.c7 Qb1+ 50.Kh2 Rxc7 51.Qb6 Qa2+ 52.Kg3 Qf7 53.Rxb5 c2 54.Rc5 
c1=Q 55.Qxc7 Qxc7+ 0-1

[Event "56th World U20 ch"]
[Site "Tarvisio ITA"]
[Date "2017.11.22"]
[Round "9.1"]
[White "Tari, Aryan"]
[Black "Praggnanandhaa, R."]
[Result "1/2-1/2"]
[WhiteElo "2581"]
[BlackElo "2509"]
[EventDate "2017.11.13"]
[PlyCount "77"]

1.e4 e5 2.Nf3 Nc6 3.Bb5 a6 4.Ba4 Nf6 5.O-O b5 6.Bb3 Bc5 7.c3 d6 8.d4 Bb6 
9.a4 Rb8 10.a5 Ba7 11.h3 O-O 12.Be3 exd4 13.cxd4 Nxe4 14.Qc2 Qe8 15.Nc3 
Nf6 16.Rfe1 Qd7 17.Qd1 Nb4 18.Bg5 Qf5 19.Bxf6 Qxf6 20.Ne4 Qf4 21.Rc1 d5 
22.Nc5 Qd6 23.Qd2 Nc6 24.Ne5 Ne7 25.Ned3 Nc6 26.Nf4 Nxa5 27.Bxd5 c6 28.
Qxa5 Qxf4 29.Bxc6 Bb6 30.Qc3 Qd6 31.Bf3 Rd8 32.b4 h6 33.d5 Bb7 34.Qd3 a5 
35.Nxb7 Rxb7 36.bxa5 Bxa5 37.Red1 Bc7 38.g3 Bb6 39.Kg2 $11 1/2-1/2

[Event "56th World U20 ch"]
[Site "Tarvisio ITA"]
[Date "2017.11.22"]
[Round "9.2"]
[White "Alexeenko, Kiril"]
[Black "Karthikeyan, Murali"]
[Result "1-0"]
[WhiteElo "2563"]
[BlackElo "2578"]
[EventDate "2017.11.13"]
[PlyCount "75"]

1.e4 e5 2.Nf3 Nc6 3.Bb5 Nf6 4.d3 d6 5.O-O Bd7 6.Re1 a6 7.Ba4 Be7 8.c3 O-O 
9.Nbd2 Re8 10.Nf1 Bf8 11.h3 g6 12.Ng3 Bg7 13.Bd2 h6 14.d4 Nh7 15.Be3 Qe7 
16.Bc2 Rad8 17.Qd2 Qf8 18.b4 exd4 19.cxd4 d5 20.exd5 Nxb4 21.Bb3 c6 22.
Rab1 b5 23.d6 Nd5 24.Ne5 Be6 25.Rbc1 Nxe3 26.d7 Re7 27.Qxe3 Bxd7 28.Ne4 
Bf5 29.f4 Qe8 30.Kh2 Rxd4 31.Qxd4 Rxe5 32.Bxf7+ Qxf7 33.fxe5 Qxa2 34.Rxc6 
Nf8 35.Nf6+ Kh8 36.e6 Nxe6 37.Rcxe6 Bxe6 38.Rxe6 1-0

[Event "56th World U20 ch"]
[Site "Tarvisio ITA"]
[Date "2017.11.22"]
[Round "9.3"]
[White "Lomasov, Semen"]
[Black "Petrosian, Manuel"]
[Result "1/2-1/2"]
[WhiteElo "2490"]
[BlackElo "2554"]
[EventDate "2017.11.13"]
[PlyCount "48"]

1.e4 e5 2.Nf3 Nc6 3.Bc4 Bc5 4.b4 Bxb4 5.c3 Ba5 6.d4 d6 7.Qb3 Qd7 8.Nbd2 
Bb6 9.O-O Na5 10.Qb1 Ne7 11.dxe5 O-O 12.exd6 cxd6 13.Bd3 Ng6 14.Nc4 Nxc4 
15.Bxc4 Qc7 16.Qb3 Bg4 17.Nd4 Rac8 18.Bd5 Qxc3 19.Qxc3 Rxc3 20.Nb5 Rc2 21.
Bb3 Rc6 22.Bd5 Rc2 23.Bb3 Rc6 24.Bd5 Rc2 $11 1/2-1/2

[Event "56th World U20 ch"]
[Site "Tarvisio ITA"]
[Date "2017.11.22"]
[Round "9.4"]
[White "Bai Jinshi"]
[Black "Tran Tuan Minh"]
[Result "1/2-1/2"]
[WhiteElo "2553"]
[BlackElo "2538"]
[EventDate "2017.11.13"]
[PlyCount "114"]

1.Nf3 Nf6 2.c4 b6 3.g3 Bb7 4.Bg2 e6 5.O-O Be7 6.b3 O-O 7.Bb2 d5 8.cxd5 
Nxd5 9.d4 c5 10.dxc5 Bxc5 11.a3 Be7 12.b4 Nd7 13.Nbd2 Rc8 14.Qb3 b5 15.Nd4
a6 16.Rfd1 Rc7 17.Nf5 exf5 18.Bxd5 Nc5 19.Bxf7+ Rxf7 20.bxc5 Qd5 21.Qxd5 
Bxd5 22.Nf3 Bxf3 23.exf3 Bxc5 24.Rac1 Bf8 25.Rd8 Rxc1+ 26.Bxc1 Rc7 27.Bd2 
Kf7 28.Bb4 Bxb4 29.axb4 Ke6 30.Kf1 Rd7 31.Ra8 Kd5 32.Rc8 Re7 33.Rc5+ Kd4 
34.Rc6 a5 35.bxa5 b4 36.a6 b3 37.Rb6 Kc3 38.Rb7 Re8 39.a7 Ra8 40.Rc7+ Kd2 
41.Rd7+ Kc2 42.Rc7+ Kb1 43.Rxg7 b2 44.Rxh7 Ka2 45.Rb7 b1=Q+ 46.Rxb1 Kxb1 
47.Ke2 Rxa7 48.Ke3 Ra4 49.h4 Kc2 50.h5 Kd1 51.h6 Ra6 52.Kf4 Rxh6 53.Kxf5 
Ke2 54.g4 Kxf3 55.g5 Rh5 56.Kf6 Rxg5 57.Kxg5 Kxf2 1/2-1/2

[Event "56th World U20 ch"]
[Site "Tarvisio ITA"]
[Date "2017.11.22"]
[Round "9.5"]
[White "Xu Xiangyu"]
[Black "Liu Yan"]
[Result "1-0"]
[WhiteElo "2543"]
[BlackElo "2422"]
[EventDate "2017.11.13"]
[PlyCount "205"]

1.Nf3 Nf6 2.c4 e6 3.g3 b6 4.Bg2 Bb7 5.O-O Be7 6.Nc3 O-O 7.Re1 d5 8.cxd5 
Nxd5 9.Nxd5 exd5 10.d4 Bb4 11.Bd2 Bxd2 12.Nxd2 Nd7 13.Rc1 Nf6 14.Qa4 Re8 
15.Rc2 c6 16.e3 Qd6 17.Rec1 a5 18.Qb3 Qb4 19.Rc3 Red8 20.Bh3 Ra6 21.Bf1 
Raa8 22.Bh3 Ra6 23.Bf1 Raa8 24.Bd3 Qxb3 25.Nxb3 Rab8 26.Nd2 g6 27.Nf3 Nd7 
28.a4 f6 29.h4 Kg7 30.Kf1 Rdc8 31.Ke1 c5 32.Bb5 Bc6 33.Bxc6 Rxc6 34.Rb3 
Rbc8 35.Rb5 Kf7 36.Rd1 Rd6 37.Ke2 cxd4 38.Nxd4 h5 39.b4 axb4 40.Rxb4 Ne5 
41.Rd2 Rc4 42.Rxc4 Nxc4 43.Rd3 Rd7 44.Nb5 Ke6 45.Rd4 Nd6 46.Nc3 Nf5 47.Rb4
Rd6 48.Kd3 Kd7 49.Nb5 Rc6 50.Nc3 Rd6 51.Rf4 Ke6 52.Nb5 Rd8 53.Rb4 Kd7 54.
Nc3 Kc6 55.Rf4 Kd6 56.g4 hxg4 57.h5 Ne7 58.Rxf6+ Ke5 59.Rf7 Ke6 60.hxg6 
Nxg6 61.Rb7 Ne5+ 62.Ke2 Nd7 63.Rc7 Ne5 64.Rh7 Nf7 65.Rg7 Ne5 66.Nb5 Kf6 
67.Rb7 Nc4 68.Rc7 Ne5 69.Ra7 Rc8 70.Nc7 Rd8 71.Ra6 Nc4 72.a5 Nxa5 73.Rxb6+
Ke5 74.Rh6 Rc8 75.Rh5+ Ke4 76.Nxd5 Rc2+ 77.Kf1 Kf3 78.Rf5+ Ke4 79.Ne7 g3 
80.Rf4+ Ke5 81.fxg3 Nc4 82.Nf5 Nd2+ 83.Kg1 Ne4 84.g4 Ng5 85.Kf1 Ne4 86.Nd4
Rb2 87.Kg1 Ng3 88.g5 Nh5 89.Rf7 Ke4 90.Rh7 Ng3 91.Re7+ Kd3 92.g6 Nh5 93.
Nf5 Rb6 94.g7 Rg6+ 95.Kf2 Rg5 96.e4 Rg4 97.Rd7+ Kc3 98.Ke3 Nf6 99.Rc7+ Kb4
100.Kf3 Rg1 101.Rc8 Rf1+ 102.Kg2 Rf4 103.e5 1-0

[Event "56th World U20 ch"]
[Site "Tarvisio ITA"]
[Date "2017.11.22"]
[Round "9.6"]
[White "Van Foreest, Jorden"]
[Black "Sorokin, Alexei"]
[Result "1-0"]
[WhiteElo "2616"]
[BlackElo "2483"]
[EventDate "2017.11.13"]
[PlyCount "49"]

1.e4 c5 2.Nf3 d6 3.d4 cxd4 4.Nxd4 Nf6 5.Nc3 a6 6.Be2 e5 7.Nf3 h6 8.Nd2 b5 
9.a4 b4 10.Nd5 Nxd5 11.exd5 Be7 12.a5 Bf5 13.Nc4 Nd7 14.Bd2 Be4 15.Bxb4 
Qb8 16.c3 Bxg2 17.Rg1 Be4 18.Rxg7 Bg6 19.Bh5 Kf8 20.Rxg6 fxg6 21.Bxg6 Kg7 
22.Bc2 Nf6 23.Qd3 Qe8 24.Nxd6 Bxd6 25.Qg3+ 1-0